000 00420nam a2200169Ia 4500
008 230125s9999 xx 000 0 und d
041 _aeng
082 _a005.133
_bDIC
100 _aDickler H
_9112295
245 _aProgramming guide to foxpro 2.6
250 _a2nd ed
260 _c1995
_bBPB Publication
300 _a766p
500 _aProgramming guid,guid
700 _aDickler H
_9112295
999 _c89233
_d89233